TV Shows by Sidekicks Quiz Stats

 Plays Quiz Updated May 6, 2018

Score 0/20 Timer 04:00
7 Plays Today
% Correct
The Simpsons
96.8%
The Office
96%
Batman
95.7%
The Flintstones
94.9%
Seinfeld
89.5%
Futurama
89.5%
The Fresh Prince of Bel-Air
87.6%
Breaking Bad
72.3%
Buffy the Vampire Slayer
60.5%
Sherlock
57.4%
% Correct
The Lone Ranger
56.3%
Psych
42.8%
House M.D.
41.8%
Miami Vice
40.2%
Gilmore Girls
31.3%
Blackadder The Third
20.8%
Mr. Bean
20.2%
Burn Notice
16.5%
Monk
16.5%
Only Fools and Horses
15%

You're not logged in!

Compare scores with friends on all Sporcle quizzes.
OR
Log In

Sporcle TV

Today on Sporcle TV


Watch our educational content, quiz creation guides, and fun videos on Sporcle TV.

Show Comments

Extras

Top Quizzes Today


Score Distribution

Your Account Isn't Verified!

In order to create a playlist on Sporcle, you need to verify the email address you used during registration. Go to your Sporcle Settings to finish the process.

Report this User

Report this user for behavior that violates our Community Guidelines.

Details: